Viable example set on climate change (Record no. 75257)
[ view plain ]
| 000 -LEADER | |
|---|---|
| fixed length control field | 01446cab a2200205 4500 |
| 001 - CONTROL NUMBER | |
| control field | L129762 |
| 008 - FIXED-LENGTH DATA ELEMENTS--GENERAL INFORMATION | |
| fixed length control field | 050518n2005 000 0 eng u |
| 035 ## - SYSTEM CONTROL NUMBER | |
| System control number | (Sirsi) u129762 |
| 041 ## - LANGUAGE CODE | |
| Language code of text/sound track or separate title | eng |
| 100 ## - MAIN ENTRY--PERSONAL NAME | |
| Personal name | Nadarajah, Chitra |
| 245 ## - TITLE STATEMENT | |
| Title | Viable example set on climate change |
| 260 ## - PUBLICATION, DISTRIBUTION, ETC. | |
| Date of publication, distribution, etc. | 2005 |
| 490 ## - SERIES STATEMENT | |
| Series statement | Planning (for the Natural and Built Environment) |
| Volume/sequential designation | (1618) 6 May 2005, 14-15(2) |
| 520 ## - SUMMARY, ETC. | |
| Summary, etc. | Proposes that planning has a crucial role to play in adapting to climate change and that spatial planning frameworks are poorly developed and unable to deal adequately with it. Examines in detail the international, four-year European Spatial Planning: Adapting to Climate Events (ESPACE) project, funded by the European Commission's INTERREG IIIB programme and the ODPM. This is the first project of its kind to focus on increasing awareness of the need to adapt to climate change and the provision of necessary policy guides, tools and mechanisms to incorporate adaptation into planning. Looks at regional planning and climate change and the Environment Agency's development of a decision-testing tool to be used with simulated future climate change scenarios. Lists the ESPACE partners. |
| 590 ## - LOCAL NOTE (RLIN) | |
| Local note | IKA190505 |
| 690 ## - LOCAL SUBJECT ADDED ENTRY--TOPICAL TERM (OCLC, RLIN) | |
| Topical term or geographic name as entry element | Planning and development |
| 9 (RLIN) | 6259 |
| 700 ## - ADDED ENTRY--PERSONAL NAME | |
| Personal name | Rankin, Jill |
| 856 ## - ELECTRONIC LOCATION AND ACCESS | |
| Uniform Resource Identifier | <a href="https://www.espace-project.org/">https://www.espace-project.org/</a> |
| Public note | View further information on the ESPACE project free of charge at www.espace-project.orgƯ |
| 942 ## - ADDED ENTRY ELEMENTS (KOHA) | |
| Suppress in OPAC | 0 |
No items available.